A court of frost and starlight / (Record no. 9700)

MARC details
000 -LEADER
fixed length control field 00910nam a22002537a 4500
001 - CONTROL NUMBER
control field 9700
003 - CONTROL NUMBER IDENTIFIER
control field FISKH
005 - DATE AND TIME OF LATEST TRANSACTION
control field 20260130085539.0
008 - FIXED-LENGTH DATA ELEMENTS--GENERAL INFORMATION
fixed length control field 260130b cb ||||| |||| 00| 0 eng d
020 ## - INTERNATIONAL STANDARD BOOK NUMBER
International Standard Book Number 9781526617187
040 ## - CATALOGING SOURCE
Original cataloging agency FISKH
Language of cataloging eng
Transcribing agency FISKH
Modifying agency FISKH
050 ## - LIBRARY OF CONGRESS CALL NUMBER
Classification number PZ7 .M111575 .C
082 ## - DEWEY DECIMAL CLASSIFICATION NUMBER
Classification number 813.6
100 ## - MAIN ENTRY--PERSONAL NAME
Personal name Maas, Sarah J.
245 ## - TITLE STATEMENT
Title A court of frost and starlight /
Statement of responsibility, etc. Sarah J. Maas
250 ## - EDITION STATEMENT
Edition statement This edition published in 2023
260 ## - PUBLICATION, DISTRIBUTION, ETC.
Place of publication, distribution, etc. London :
Name of publisher, distributor, etc. Bloomsbury,
Date of publication, distribution, etc. 2017
300 ## - PHYSICAL DESCRIPTION
Extent 233 pages :
Dimensions 20 cm
490 ## - SERIES STATEMENT
Series statement A Court of Thorns and Roses :
Volume/sequential designation Book four
520 ## - SUMMARY, ETC.
Summary, etc. "As Feyre navigates her first Winter Solstice as High Lady, she finds that those dearest to her have more wounds than she anticipated--scars that will have far-reaching impact on the future of their Court"--<br/>
650 ## - SUBJECT ADDED ENTRY--TOPICAL TERM
Topical term or geographic name entry element Fantasy
Form subdivision Fiction
General subdivision Romance
Chronological subdivision Young Adult
942 ## - ADDED ENTRY ELEMENTS (KOHA)
Source of classification or shelving scheme Dewey Decimal Classification
Koha item type Books
Suppress in OPAC No

No items available.